000 00721nam a2200253Ia 4500
003 OSt
005 20220926001947.0
006 a|||||r|||| 00| 0
007 ta
008 220923b |||||||| |||| 00| 0 eng d
020 _a8185880433
037 _cGeneral Book
040 _aRTL
_cRTL
_beng
041 _2eng
_aeng
082 _aY5927.2.N56<-M57, N4
100 _aKshir Sagar R K
_9304502
245 0 _aDalit movement in India and its leaders (1857-1956)
260 _a New Delhi
_bM.D
_c1994
300 _aix, 459p
_ccm.
500 _aBibliography: P 429-46
650 _aUntouchables
942 _hY5927.2.N56<-M57, N4
_cGB
_2CC
999 _c603408
_d603408